Movies Quiz

Random Movies or Actor Quiz

More Actors With First Names in Common Quiz Stats

 Plays Quiz Updated Nov 27, 2015

Challenge
Share
Tweet
Embed
Score 0/36 Timer 06:00
0 Plays Today
% Correct
Tom Cruise
97.8%
Tom Hanks
97%
Steve Carell
78.7%
Steve Martin
72.9%
James Dean
72.5%
Dennis Quaid
72.1%
Matthew Broderick
72%
James Franco
69.5%
Chris Rock
66.8%
Steve McQueen
63.7%
David Spade
62.3%
Steve Buscemi
60.4%
Dennis Hopper
60%
James Caan
59%
Tom Hardy
57.1%
Matthew Perry
54%
Chris Tucker
53%
Jason Statham
52.3%
% Correct
David Duchovny
51.2%
Tom Hiddleston
50.4%
David Arquette
49.5%
Jason Biggs
49.4%
James McAvoy
46.5%
Chris Evans
46.5%
Matthew McConaughey
43.6%
Chris O'Donnell
41.4%
Jason Segel
39.4%
Matthew Modine
39.3%
David Carradine
37.7%
Sam Neill
37.7%
Sam Worthington
33.1%
Jason Lee
30.7%
Sam Rockwell
25.7%
Sam Elliott
21.7%
Dennis Rodman
20%
Dennis Farina
14.2%

You're not logged in!

Compare scores with friends on all Sporcle quizzes.
Join for Free
OR
Log In

You Might Also Like...

Show Comments

Extras

Top Quizzes Today


Score Distribution

Your Account Isn't Verified!

In order to create a playlist on Sporcle, you need to verify the email address you used during registration. Go to your Sporcle Settings to finish the process.

Report this User

Report this user for behavior that violates our Community Guidelines.

Details: